Most Crowded Countries- Sudden Death - Statistics

General Stats
  • This quiz has been taken 48 times
  • The average score is 4 of 18
Answers on the Grid
Answers color-coded by a green-red scale on the quiz's grid according to % correct below.
Monaco
Singapore
Vatican City
Bahrain
Maldives
Malta
Bangladesh
Palestine
Barbados
Taiwan
Mauritius
Rwanda
Nauru
Lebanon
San Marino
Burundi
Netherlands
South Korea
India
Comoros
Israel
Haiti
Philippines
Belgium
Sri Lanka
Grenada
Japan
Pakistan
Vietnam
Tuvalu
El Salvador
St. Lucia
 
Answer Stats
Answer % Correct
Bangladesh
50%
Singapore
47%
Monaco
44%
Vatican City
44%
Palestine
25%
Taiwan
25%
South Korea
22%
Maldives
19%
Malta
19%
Netherlands
19%
Bahrain
16%
San Marino
16%
Burundi
9%
Rwanda
9%
Barbados
6%
Nauru
6%
Lebanon
3%
Mauritius
3%
No matching quizzes found
Score Distribution
Percent of People with Each Score
Percentile by Number Answered
Your Score History
You have not taken this quiz